00892 2200193 4500001002100000005001500021035002000036245005000056100001600106250001700122300002800139260003200167082000800199084001400207020002200221650002100243520041600264500001800680INLIS00000000000002620240319065953 a0010-03240000261 aApa Itu Sunah :bWhat Is Sunah /cAli Muakhir0 aAli Muakhir acetakan ke-1 a32 hlm :bilus ;c18 cm aJakarta :bBumi Aksara Kids a2X4 a2X4 ALI a a978-979-010-514-0 4aCerita Bergambar aApa itu Sunah? Kalian pernah mendengar tentang Hukum Sunah? Kalian tahu maksudnya? Sunah adalah ibadah yang jika dilakukan akan mendapat pahala, jika ditinggalkan tidak mendapatkan dosa. Perbuatan yang disunahkan misalnya, shalat berjamaah, memotong kuku, dan sebagainya. Dalam buku ini, beberapa contoh perbuatan yang disunahkan, dijelaskan dengan sangat menghibur, se-hingga kalian mudah memahaminya. aSeri Muamalah